000 00561nam a2200205 a 4500
001 BRCA_7410
005 20190320205827.0
008 230313s1946----mx-a######---#000-0#spa-#
041 _aspa
044 _amx
050 4 _aGT625
_b.B46 1946
100 1 _aBenitez, José R.
_97390
245 1 0 _aEl traje y el adorno en México
_b1500-1910
_cJosé R. Benitez.
260 _aGuadalajara, Jal., México
_bImp. Universitaria
_c1946
300 _a224 p.
_bil., láminas
500 _aQ138
650 1 4 _aIndumentaria
_zMéxico
_9808
902 _aGFM
942 _2lcc
_cB
999 _c7086
_d7086